| Record ID | marc_records_scriblio_net/part07.dat:37276856:813 |
| Source | Scriblio |
| Download Link | /show-records/marc_records_scriblio_net/part07.dat:37276856:813?format=raw |
LEADER: 00813nam 22002171 4500
001 72176252 //r85
003 DLC
005 19851009000000.0
008 851008s1968 enka b 10000 eng
010 $a 72176252 //r85
015 $aB71-22731
020 $a0901948144 :$c£6.80
050 0 $aTC547$b.A7
082 0 $a627/.82
245 00 $aArch dams:$ba review of British research and development; proceedings of the symposium held at the Institution of Civil Engineers, 20-21 March 1968;$c[editor T.L. Dennis].
260 0 $aLondon (Great George St., S.W. 1),$bInstitution of Civil Engineers,$c1968.
300 $a[5], 167 p.$billus.$c31 cm.
504 $aIncludes bibliographical references.
650 0 $aConcrete dams$xCongresses.
700 10 $aDennis, T. L.
710 20 $aInstitution of Civil Engineers (Great Britain)